LEADER 01044nam a2200265 i 4500 001 991002384229707536 008 131129s2009 it 000 0 ita d 020 $a9788860301901 035 $ab14165570-39ule_inst 040 $aBibl. Interfacoltà Brindisi$bita 082 0 $a153 100 1 $aFrith, Christopher D. $0421346 245 10$aInventare la mente :$bcome il cervello crea la nostra vita mentale /$cChris Frith ; edizione italiana a cura di Eraldo Paulesu 260 $aMilano :$bCortina,$c2009 300 $axxvii, 280 p., [4] carte di tav. :$bill. ;$c23 cm 440 0$aScienza e idee ;$v185 500 $aTraduzione di Manuela Berlingeri, Luca Guzzardi 650 4$aMente 700 1 $aPaulesu, Eraldo 907 $a.b14165570$b02-04-14$c29-11-13 912 $a991002384229707536 945 $aLE021 153.00 FRI01.01$g1$i2020000047056$lle021$op$pE24.00$q-$rn$s- $t0$u0$v0$w0$x0$y.i15561963$z05-12-13 996 $aInventare la mente$9261163 997 $aUNISALENTO 998 $ale020$b29-11-13$cm$da $e-$fita$git $h0$i0